00647cam a22001815a 45000010009000000050017000090080041000260100017000670200043000840200026001270400018001532450151001712600033003222630009003553000032003644900049003965040020004451507814020170105102350.0071113s2008 nyu 000 0 eng  a 2007941257 a9780387773193 (hardcover : alk. paper) a9780387773209 (ebook) aDLCcDLCdDLC00aSensor and ad-hoc networks : theoretical and algorithmic aspectsbtheoretical and algorithmic aspects c Kami Makki, Xiang-Yang Li, Niki Pissinou. aNew York :bSpringer,c2008. a0803 axiii, 311 p.bill:,c25 cm.0 aLecture notes in electrical engineering ;v7 aIncludes index.